[Event "Graz op-B"]
[Site "Graz"]
[Date "2006.09.19"]
[Round "4.8"]
[White "Meggeneder, Heinrich"]
[Black "Gashi, Veli"]
[Result "1-0"]
[WhiteElo "1911"]
[BlackElo "1996"]
[PlyCount "109"]
[EventDate "2006.09.16"]
[EventType "swiss"]
[EventRounds "9"]
[EventCountry "AUT"]
[SourceTitle "EXT 2022"]
[Source "ChessBase"]
[SourceDate "2021.10.06"]
[SourceVersion "1"]
[SourceVersionDate "2021.10.06"]
[SourceQuality "1"]

1. e4 d6 2. d4 g6 3. Nf3 Bg7 4. c4 Nf6 5. Nc3 0-0 6. Be2 b6 7. 0-0 Bb7 8. Qc2 a5 9. h3 Nc6 10. a3 Nd7 11. Be3 e6 12. Rfe1 Rc8 13. Rad1 e5 14. d5 Ne7 15. b4 axb4 16. axb4 Ra8 17. Ra1 f5 18. Ng5 Qb8 19. Ne6 Rf7 20. Rxa8 Bxa8 21. Qa4 c6 22. Ra1 Bb7 23. Qa7 fxe4 24. Qxb8+ Nxb8 25. Nd8 cxd5 26. cxd5 Nc8 27. Nxf7 Kxf7 28. Bg4 Na6 29. Nb5 Bf8 30. Rc1 Nxb4 31. Bxc8 Bxd5 32. Bxb6 Bc6 33. Ba5 Bxb5 34. Bxb4 Kf6 35. Rd1 Bd3 36. Ra1 Be7 37. Ra7 h5 38. Ba6 Ke6 39. Bxd3 exd3 40. Rxe7+ Kxe7 41. f3 Ke6 42. Kf2 d5 43. Ke3 Kf5 44. Kxd3 g5 45. Bd2 h4 46. Ke3 Kf6 47. Kf2 Kf5 48. g3 hxg3+ 49. Kxg3 d4 50. Be1 d3 51. Bd2 Ke6 52. Kg4 Kd5 53. Kxg5 e4 54. fxe4+ Kxe4 55. h4 1-0